000 00844nam a2200241 i 4500
001 32308
003 ES-MaACL
005 20230906154542.0
007 t|
008 030130s1960 sp ||||1| spa d
100 1 _aBenito, José de.
_927661
245 1 0 _aHacia la luz del Quijote /
_cJosé de Benito.
260 _aMadrid :
_bAguilar,
_c1960.
300 _a346 p. ;
_c21 cm.
505 8 _aContiene: El ropaje de Cide Hamete ; Cervantes y el quijotismo ; El quijotismo de Balzac ; En ancas de Clavileño
600 1 4 _aCervantes Saavedra, Miguel de,
_d1547-1616-
_xCrítica e interpretación
_937602
740 3 _aEl ropaje de Cide Hamete.
740 0 _aCervantes y el Quijotismo.
740 3 _aEl Quijotismo de Balzac.
740 0 _aEn ancas de Clavileño.
852 _aES-MaACL
_jC-18670
_bR.46209
999 _c32308
_d32308